| Tag |
First Indicator |
Second Indicator |
Subfields |
| LEADER |
00000cam a2200000 i 4500 |
| 001 |
in00005696159 |
| 005 |
20260318163330.8 |
| 006 |
m o d |
| 007 |
cr cnu---unuuu |
| 008 |
210816t20212021enk fob 001 0 eng d |
| 040 |
|
|
|a STBDS
|b eng
|e rda
|e pn
|c STBDS
|d OCLCO
|d YDX
|d EBLCP
|d YDX
|d OCLCF
|d TEFOD
|d N$T
|d UKAHL
|d TFW
|d RDF
|d IUL
|d OCLCO
|d OCLCQ
|d SFB
|d OCLCQ
|d OCLCO
|d OCLCL
|d CLOUD
|d UKKRT
|d OCLCQ
|d OCLCL
|
| 019 |
|
|
|a 1269094125
|a 1269101895
|a 1269202234
|a 1269453423
|a 1285957586
|
| 020 |
|
|
|a 9780191939235
|q electronic book
|
| 020 |
|
|
|a 0191939234
|q electronic book
|
| 020 |
|
|
|a 9780192662149
|q electronic book
|
| 020 |
|
|
|a 0192662147
|q electronic book
|
| 020 |
|
|
|z 0192846752
|
| 020 |
|
|
|z 9780192846754
|
| 020 |
|
|
|a 9780192662156
|q (electronic bk.)
|
| 020 |
|
|
|a 0192662155
|q (electronic bk.)
|
| 035 |
|
|
|a (OCoLC)1269096800
|z (OCoLC)1269094125
|z (OCoLC)1269101895
|z (OCoLC)1269202234
|z (OCoLC)1269453423
|z (OCoLC)1285957586
|
| 037 |
|
|
|a F45E9F42-BA91-47C7-B5EE-732660C47841
|b OverDrive, Inc.
|n http://www.overdrive.com
|
| 043 |
|
|
|a e-sp---
|a e-uk-st
|a e-be---
|a e-it---
|
| 050 |
|
4 |
|a JC311
|b .L43 2021
|
| 082 |
0 |
4 |
|a 320.54
|2 23
|
| 049 |
|
|
|a TXAM
|
| 100 |
1 |
|
|a Lecours, André,
|d 1972-
|e author.
|1 https://id.oclc.org/worldcat/entity/E39PCjqPk6xMdfJvw88h9pVVFq
|
| 245 |
1 |
0 |
|a Nationalism, secessionism, and autonomy /
|c André Lecours.
|
| 250 |
|
|
|a First edition.
|
| 264 |
|
1 |
|a Oxford :
|b Oxford University Press,
|c 2021.
|
| 264 |
|
4 |
|c ©2021
|
| 300 |
|
|
|a 1 online resource (241 pages)
|
| 336 |
|
|
|a text
|b txt
|2 rdacontent
|
| 337 |
|
|
|a computer
|b c
|2 rdamedia
|
| 338 |
|
|
|a online resource
|b cr
|2 rdacarrier
|
| 504 |
|
|
|a Includes bibliographical references and index.
|
| 505 |
0 |
|
|a Nationalism and secessionism: autonomy, static and dynamic -- Catalonia: the secessionist turn -- Scotland: the secessionist surge -- Flanders: the marginality of secessionism -- South Tyrol: from irredentism and secessionism to autonomy -- Nationalism, secessionism, and autonomy: the Basque Country, Puerto Rico, and Québec -- Towards a theory of secessionism in liberal democracies.
|
| 520 |
|
|
|a "The strength of secessionism in liberal democracies varies in time and space. Inspired by historical institutionalism, this book argues that such variation is explained by the extent to which autonomy evolves in time. If autonomy adjusts to the changing identity, interests, and circumstances of an internal national community, nationalism is much less likely to be strongly secessionist than if autonomy is a final, unchangeable settlement. Developing a controlled comparison of, on the one hand, Catalonia and Scotland, where autonomy has been mostly static during key periods of time, and, on the other hand, Flanders and South Tyrol, where it has been dynamic, and also considering the Basque Country, Québec, and Puerto Rico as additional cases, this book puts forward an elegant theory of secessionism in liberal democracies: dynamic autonomy staves off secessionism while static autonomy stimulates it"--Publisher's description.
|
| 521 |
|
|
|a Specialized.
|
| 588 |
|
|
|a Description based on online resource; title from PDF title page (Oxford Scholarship Online, viewed on April 8, 2022).
|
| 650 |
|
0 |
|a Nationalism.
|
| 650 |
|
0 |
|a Secession.
|
| 650 |
|
0 |
|a Separatist movements.
|
| 650 |
|
0 |
|a Autonomy.
|
| 651 |
|
0 |
|a Catalonia (Spain)
|x History
|x Autonomy and independence movements.
|
| 651 |
|
0 |
|a Scotland
|x History
|x Autonomy and independence movements.
|
| 651 |
|
0 |
|a Flanders (Belgium)
|x History
|x Autonomy and independence movements.
|
| 651 |
|
0 |
|a Trentino-Alto Adige (Italy)
|x Politics and government.
|
| 650 |
|
6 |
|a Nationalisme.
|
| 650 |
|
6 |
|a Sécession.
|
| 650 |
|
6 |
|a Mouvements séparatistes.
|
| 650 |
|
6 |
|a Autonomie.
|
| 651 |
|
6 |
|a Catalogne (Espagne)
|x Histoire
|x Autonomie et mouvements indépendantistes.
|
| 651 |
|
6 |
|a Écosse
|x Histoire
|x Autonomie et mouvements indépendantistes.
|
| 651 |
|
6 |
|a Trentin-Haut-Adige (Italie)
|x Politique et gouvernement.
|
| 650 |
|
7 |
|a nationalism.
|2 aat
|
| 650 |
|
7 |
|a Nationalism & Patriotism.
|2 bisacsh
|
| 650 |
|
7 |
|a Political Ideologies.
|2 bisacsh
|
| 650 |
|
7 |
|a POLITICAL SCIENCE.
|2 bisacsh
|
| 650 |
|
7 |
|a Geopolitics.
|2 bisacsh
|
| 650 |
|
7 |
|a Autonomy
|2 fast
|
| 650 |
|
7 |
|a Autonomy and independence movements
|2 fast
|
| 650 |
|
7 |
|a Nationalism
|2 fast
|
| 650 |
|
7 |
|a Politics and government
|2 fast
|
| 650 |
|
7 |
|a Secession
|2 fast
|
| 650 |
|
7 |
|a Separatist movements
|2 fast
|
| 651 |
|
7 |
|a Belgium
|z Flanders
|2 fast
|1 https://id.oclc.org/worldcat/entity/E39QbtfRrxFjth6GpJdrVJ4c4Y
|
| 651 |
|
7 |
|a Italy
|z Trentino-Alto Adige
|2 fast
|1 https://id.oclc.org/worldcat/entity/E39QbtfRvXD3Y86WGdb8GfrjbM
|
| 651 |
|
7 |
|a Scotland
|2 fast
|1 https://id.oclc.org/worldcat/entity/E39QbtfRx4M4xHbtFTRj7p6BmM
|
| 651 |
|
7 |
|a Spain
|z Catalonia
|2 fast
|1 https://id.oclc.org/worldcat/entity/E39PBJcWBc9dpYcTcCk4mMDpfq
|
| 655 |
|
7 |
|a Electronic books.
|2 local
|
| 655 |
|
7 |
|a History
|2 fast
|
| 758 |
|
|
|i has work:
|a Nationalism, secessionism, and autonomy (Text)
|1 https://id.oclc.org/worldcat/entity/E39PCFwx8QypccdfX3cGcVvd33
|4 https://id.oclc.org/worldcat/ontology/hasWork
|
| 776 |
0 |
8 |
|i Print version:
|a Lecours, André.
|t Nationalism, secessionism and autonomy.
|b First edition.
|d Oxford : Oxford University Press, 2021
|z 0192846752
|w (OCoLC)1245924711
|
| 856 |
4 |
0 |
|u http://proxy.library.tamu.edu/login?url=https://academic.oup.com/book/39789
|z Connect to the full text of this electronic book
|t 0
|
| 955 |
|
|
|a Oxford Scholarship Online
|
| 994 |
|
|
|a 92
|b TXA
|
| 999 |
f |
f |
|i 447f0eda-ae31-41cc-8926-3a3bffd52bdc
|s 0dfb8f58-5d34-48c9-bae1-bdb36b83f345
|t 0
|
| 952 |
f |
f |
|a Texas A&M University
|b College Station
|c Electronic Resources
|s www_evans
|d Available Online
|t 0
|e JC311 .L43 2021
|h Library of Congress classification
|
| 998 |
f |
f |
|a JC311 .L43 2021
|t 0
|l Available Online
|